<?xml version="1.0" encoding="UTF-8"?><?xml-stylesheet type="text/xsl" href="static/style.xsl"?><OAI-PMH xmlns="http://www.openarchives.org/OAI/2.0/" xmlns:xsi="http://www.w3.org/2001/XMLSchema-instance" xsi:schemaLocation="http://www.openarchives.org/OAI/2.0/ http://www.openarchives.org/OAI/2.0/OAI-PMH.xsd"><responseDate>2026-04-13T07:04:54Z</responseDate><request verb="GetRecord" identifier="oai:www.recercat.cat:10459.1/466946" metadataPrefix="marc">https://recercat.cat/oai/request</request><GetRecord><record><header><identifier>oai:recercat.cat:10459.1/466946</identifier><datestamp>2024-12-05T22:09:55Z</datestamp><setSpec>com_2072_3622</setSpec><setSpec>col_2072_479130</setSpec></header><metadata><record xmlns="http://www.loc.gov/MARC21/slim" xmlns:dcterms="http://purl.org/dc/terms/" xmlns:xsi="http://www.w3.org/2001/XMLSchema-instance" xmlns:doc="http://www.lyncode.com/xoai" xsi:schemaLocation="http://www.loc.gov/MARC21/slim http://www.loc.gov/standards/marcxml/schema/MARC21slim.xsd">
   <leader>00925njm 22002777a 4500</leader>
   <datafield ind2=" " ind1=" " tag="042">
      <subfield code="a">dc</subfield>
   </datafield>
   <datafield ind2=" " ind1=" " tag="720">
      <subfield code="a">Adasme Ossandón, Angello</subfield>
      <subfield code="e">author</subfield>
   </datafield>
   <datafield ind2=" " ind1=" " tag="260">
      <subfield code="c">2024-11-13T13:28:11Z</subfield>
   </datafield>
   <datafield ind2=" " ind1=" " tag="260">
      <subfield code="c">2024-11-13T13:28:11Z</subfield>
   </datafield>
   <datafield ind2=" " ind1=" " tag="260">
      <subfield code="c">2024-09-25</subfield>
   </datafield>
   <datafield ind2=" " ind1=" " tag="520">
      <subfield code="a">La investigació busca promoure l'Activitat Física (AF) en estudiants de 10 a 14 anys en el context de la pandèmia per COVID-19. Es combinen activitats extraescolars i xarxes socials (XSS) per fomentar l'AF i millorar la salut. L'estudi, realitzat en una escola pública a Arica, Xile, involucra 75 estudiants i segueix un disseny en tres fases: diagnòstic, intervenció i avaluacions finals. S'avalua la composició corporal i el rendiment físic, comparant un grup amb intervenció sincrònica (Exp-1), un altre amb intervenció asincrònica (Exp-2) i un grup de control. Els resultats mostren millores significatives en les proves físiques i l'índex de massa corporal (IMC) dels grups intervinguts. A més, l'anàlisi qualitativa revela que els estudiants valoren el suport dels professors d'Educació Física i prefereixen utilitzar XSS per mantenir-se actius. Les intervencions són efectives per promoure l'AF i millorar la salut dels estudiants.</subfield>
   </datafield>
   <datafield ind2=" " ind1=" " tag="520">
      <subfield code="a">La investigación busca promover la Actividad Física (AF) en estudiantes de 10 a 14 años en el contexto de la pandemia por COVID-19. Se combinan actividades extraprogramáticas y redes sociales (RRSS) para fomentar la AF y mejorar la salud. El estudio, realizado en una escuela pública en Arica, Chile, involucra a 75 estudiantes y sigue un diseño en tres fases: diagnóstico, intervención y evaluaciones finales. Se evalúan la composición corporal y el rendimiento físico, comparando un grupo con intervención sincrónica (Exp-1), otro con intervención asincrónica (Exp-2) y un grupo de control. Los resultados muestran mejoras significativas en las pruebas físicas y el índice de masa corporal (IMC) de los grupos intervenidos. Además, el análisis cualitativo revela que los estudiantes valoran el apoyo de los profesores de Educación Física y prefieren usar RRSS para mantenerse activos. Las intervenciones son efectivas para promover la AF y mejorar la salud de los estudiantes.</subfield>
   </datafield>
   <datafield ind2=" " ind1=" " tag="520">
      <subfield code="a">The research aims to promote Physical Activity (PA) among students aged 10 to 14 in the context of the COVID-19 pandemic. Extracurricular activities and social media (SM) are combined to encourage PA and improve health. The study, conducted in a public school in Arica, Chile, involves 75 students and follows a three-phase design: diagnosis, intervention, and final evaluations. Body composition and physical performance are assessed, comparing a group with synchronous intervention (Exp-1), another with asynchronous intervention (Exp-2), and a control group. The results show significant improvements in physical tests and body mass index (BMI) in the intervened groups. Additionally, the qualitative analysis reveals that students value the support of Physical Education teachers and prefer using SM to stay active. The interventions are effective in promoting PA and improving students' health.</subfield>
   </datafield>
   <datafield ind2=" " ind1=" " tag="520">
      <subfield code="a">Programa de Doctorat en Educació, Societat i Qualitat de Vida</subfield>
   </datafield>
   <datafield ind1="8" ind2=" " tag="024">
      <subfield code="a">http://hdl.handle.net/10459.1/466946</subfield>
   </datafield>
   <datafield tag="653" ind2=" " ind1=" ">
      <subfield code="a">Activitat física</subfield>
   </datafield>
   <datafield tag="653" ind2=" " ind1=" ">
      <subfield code="a">Activitats extraprogramàtiques</subfield>
   </datafield>
   <datafield tag="653" ind2=" " ind1=" ">
      <subfield code="a">Xarxes socials</subfield>
   </datafield>
   <datafield tag="653" ind2=" " ind1=" ">
      <subfield code="a">Actividad física</subfield>
   </datafield>
   <datafield tag="653" ind2=" " ind1=" ">
      <subfield code="a">Actividades extra programáticas</subfield>
   </datafield>
   <datafield tag="653" ind2=" " ind1=" ">
      <subfield code="a">Redes sociales</subfield>
   </datafield>
   <datafield tag="653" ind2=" " ind1=" ">
      <subfield code="a">Physical Activity</subfield>
   </datafield>
   <datafield tag="653" ind2=" " ind1=" ">
      <subfield code="a">Extracurricular Activities</subfield>
   </datafield>
   <datafield tag="653" ind2=" " ind1=" ">
      <subfield code="a">Social Networks</subfield>
   </datafield>
   <datafield tag="653" ind2=" " ind1=" ">
      <subfield code="a">Educació Física i Esportiva</subfield>
   </datafield>
   <datafield tag="653" ind2=" " ind1=" ">
      <subfield code="a">79</subfield>
   </datafield>
   <datafield ind2="0" ind1="0" tag="245">
      <subfield code="a">Incidencia en el nivel de adherencia a la actividad física en estudiantes de básica mediante acciones extraprogramáticas y utilización de redes sociales: el caso de una escuela pública de Arica-Chile</subfield>
   </datafield>
</record></metadata></record></GetRecord></OAI-PMH>